000 00948nam a2200337Ia 4500
003 OSt
005 20220912144916.0
006 a|||||r|||| 00| 0
007 ta
008 220909b |||||||| |||| 00| 0 eng d
020 _a9788189866358 (pbk)
024 _a83962
037 _b13, 05/08/2009, Insat Books & Periodicals
037 _cTextual
040 _aCSL
_beng
_cCSL
041 _aeng
082 _aG11, P7
100 _aVidyavathi N
245 0 _aMolecular biology
260 _aNew Delhi
_bI.K International Publishing House Pvt. Ltd.
_c2007
300 _aix, 180p.
_ccm.
500 _a''Index 177-180p''.
650 _a DNA
650 _a Genetic code
650 _a Molecular biology
650 _a Transcription
650 _aGeneral Science
700 _a Chetan D M
942 _hG11, P7
_cTEXL
_2CC
999 _c18847
_d18847